00594nam a22001937a 450000500170000000800410001701000140005802000150007202000160008703500130010308200120011610000160012824500720014425000110021626000960022726000090032330000180033250000500035020081021101318.0081021t xxu||||| |||| 00| 0 eng d aENG-84195 a0195676319 c395.00 (hb) aEN-67728 a881.092 aKing, Bruce aThree Indian poets:bEzekiet, Moraes and Ramanujan /cby Bruce King a2nd ed aNew DelhibOxford University PresseYMCA Library Building, Jai Singh Road, New Delhi-110001 c2005 axi,218pc22cm aIncludes bibliographical references and index